000
00315nam a22001337a 4500
008
170801b xxu||||| |||| 00| 0 eng d
020
_a
9783528038304
041
_a
ger
080
_a
007.52
100
_a
26
101
_a
IM
245
_a
HANDHABUNGSTECHNIK MIT ROBOTERTECHNIK
_c
BARTENSCHLAGER,J
942
_2
udc
_c
BK
999
_c
22330
_d
22330